[Event "Lindores Abbey Rapid Challenge-KO"]
[Site "Online"]
[Date "2020.05.29"]
[Round "2.1"]
[White "Ding, Liren"]
[Black "Dubov, Daniil"]
[Result "0-1"]
[WhiteElo "2836"]
[BlackElo "2770"]
[Annotator "TA"]
[PlyCount "24"]
[EventDate "2020.05.19"]
[EventType "tourn"]
[SourceTitle "playchess.com"]
[Source "ChessBase"]
[SourceQuality "1"]

{[%evp 12,24,0,0,8,-34,0,0,0,0,0,0,0,0,18]} 1. c4 Nf6 2. g3 c6 3. Bg2 d5 4. Nf3 dxc4 5. O-O Nbd7 6. Na3 Nb6 7. Qc2 Be6 {A11: English Opening: 1...c6.} 8. Ne5 {[%cal Ra3c4]} h5 {8...g6 is not played anymore.} (8... Qd4 $5 {[%cal Rd4e5]} 9. Qc3 Qxc3 10. dxc3 Nfd7 11. Nxd7 Bxd7 $11) 9. Naxc4 {The position is equal.} Nxc4 10. Nxc4 h4 11. Ne5 hxg3 12. hxg3 {[#]} Qc8 $5 $146 {[%mdl 8] An uneventful encounter. Loss on time!? An interesting novelty.} ({Predecessor:} 12... Rc8 13. d4 Bd5 14. e4 Bxe4 15. Bxe4 Qxd4 16. Nxf7 Kxf7 17. Bg6+ Kg8 18. Rd1 Qe5 19. Bf4 Qa5 20. Bf5 g5 21. Bxc8 Kg7 22. Be3 {1-0 (22) Aronian,L (2792)-So,W (2770) Leuven 2016}) 0-1

[Event "Lindores Abbey Rapid Challenge-KO"]
[Site "Online"]
[Date "2020.05.28"]
[Round "2.1"]
[White "Nakamura, Hikaru"]
[Black "Carlsen, Magnus"]
[Result "0-1"]
[WhiteElo "2829"]
[BlackElo "2881"]
[Annotator "TA"]
[PlyCount "82"]
[EventDate "2020.05.19"]
[EventType "tourn"]
[SourceTitle "playchess.com"]
[Source "ChessBase"]
[SourceQuality "1"]

{[%evp 9,82,20,22,20,15,20,19,0,10,-19,-29,-17,-8,-26,14,-6,-2,0,24,9,10,6,56,55,47,58,64,-8,0,-72,-57,-81,-66,-61,-67,-102,-71,-156,-160,-183,-159,-171,-156,-158,0,0,-17,-206,-198,-212,-170,-291,-294,-399,-372,-389,-381,-357,-312,-304,-305,-289,-291,-286,-253,-1250,-1126,-12828,-12822,-12847,-5812,-5812,-5102,-4834,-4834]} 1. e4 e5 2. Nf3 Nc6 3. Bb5 Nf6 4. d3 Bc5 5. Bxc6 (5. c3 O-O 6. O-O d6 7. h3 a6 8. Ba4 b5 9. Bc2 h6 10. Re1 Re8 11. b4 Bb6 12. a4 Bd7 13. Nbd2 Ne7 14. Nf1 a5 15. bxa5 Rxa5 {½-½ (62) Nakamura,H (2736)-Carlsen,M (2872) Moscow 2019}) 5... dxc6 6. Nbd2 {C65: Ruy Lopez: Berlin Defence (3...Nf6), unusual lines and 4 0-0 Bc5.} Bg4 7. h3 Bh5 {[#]} 8. a3 $146 {The position is equal.} ({Predecessor:} 8. Qe2 Nd7 9. g4 Bg6 10. Nc4 Qe7 11. Bd2 O-O-O 12. O-O-O f6 13. Nh4 Bf7 14. Nf5 {1-0 (37) Caruana,F (2822)-Swiercz,D (2659) chess.com INT 2020}) 8... Nd7 9. g4 Bg6 10. b4 Bd6 11. Nc4 f6 12. Na5 $36 {[%mdl 2048] White is more active.} Qc8 13. Nh4 Nf8 14. Nf5 Ne6 15. Be3 Kf7 16. c3 Re8 17. h4 Kg8 18. h5 (18. Rg1 $14) 18... Bf7 $11 19. Qf3 (19. d4 $11 {remains equal.}) 19... b6 $17 20. Nc4 {[#] Strongly threatening h6.} Bf8 $1 21. O-O a5 22. Qg3 axb4 23. cxb4 ({White should play} 23. axb4 b5 24. Nb2) 23... h6 24. Rfd1 b5 25. Nd2 c5 26. bxc5 Bxc5 (26... Nxc5 $17 27. Qf3 Ne6) 27. Bxc5 $11 Nxc5 28. Nf3 $2 {White does not recover from this.} (28. d4 $1 $11 {and White has nothing to worry.} exd4 29. Rac1 Nxe4 30. Nxe4 Rxe4 31. Rxc7) 28... Qd7 $19 29. Kh2 Be6 30. Rac1 {[#]} (30. Nd2 {is a better defense.}) 30... Nb3 $1 31. Rc3 Rxa3 32. d4 b4 {[%cal Bb5b4,Bb4a3,Ba3a2][%mdl 32]} 33. Rcd3 Nxd4 34. N3xd4 exd4 35. Rxa3 bxa3 36. Rxd4 Qb5 37. Qxc7 $2 (37. Qxa3 Bxf5 38. Rd5) 37... Bxf5 $1 {Black is clearly winning.} 38. exf5 {[#]} Qb2 $1 {[%mdl 512]} 39. Qc4+ Kh8 (39... Kh7 $142 40. Kg3 a2) 40. Kg3 a2 41. Qa4 Qb8+ {Accuracy: White = 50%, Black = 80%.} 0-1

[Event "Lindores Abbey Rapid Challenge-KO"]
[Site "Online"]
[Date "2020.06.02"]
[Round "2.1"]
[White "Nakamura, Hikaru"]
[Black "Dubov, Daniil"]
[Result "0-1"]
[WhiteElo "2829"]
[BlackElo "2770"]
[Annotator "TA"]
[PlyCount "113"]
[EventDate "2020.05.19"]
[EventType "tourn"]
[SourceTitle "playchess.com"]
[Source "ChessBase"]
[SourceQuality "1"]

{[%evp 16,113,33,19,40,9,55,36,32,15,22,24,12,0,0,0,0,0,0,0,0,-24,-20,-40,-40,-44,-31,-49,-50,-45,-39,-45,-44,-55,-47,-64,-60,-72,-76,-77,-42,-97,-96,-110,-124,-165,-130,-204,-204,-206,-215,-214,-202,-245,-249,-248,-248,-244,-225,-323,-332,-314,-272,-226,-187,-320,-187,-314,-302,-262,-257,-256,-213,-238,-231,-397,-387,-378,-361,-614,-612,-790,-791,-775,-771,-736,-708,-1060,-1053,-926,-825,-1087,-1082,-1696,-1698,-1670,-1664,-29970,-29973,-29975]} 1. e4 c5 2. Nf3 Nc6 3. c3 Nf6 4. e5 Nd5 5. Bc4 Nb6 6. Bb3 c4 7. Bc2 d5 8. exd6 Qxd6 9. O-O Bg4 {B22: Sicilian: 2 c3.} 10. Qe2 (10. h3 $5 {[%cal Rh3g4]} h5 11. b3 $14) 10... O-O-O 11. Na3 Qe6 {White is slightly better.} 12. Qxe6+ Bxe6 13. b3 Bd5 14. bxc4 Nxc4 15. Nxc4 Bxc4 16. Re1 {[#]} Bd3 $146 ({Predecessor:} 16... h6 17. d4 e6 18. a4 b6 19. Bf4 Bd6 20. Bxd6 Rxd6 21. Ne5 Nxe5 22. Rxe5 Kd7 {½-½ (58) Rozhko,D (2305)-Moiseenko,V (2522) Sochi 2018}) 17. Bxd3 Rxd3 18. Re3 Rd7 19. Ba3 e5 20. Bxf8 Rxf8 21. h4 f6 22. h5 Rfd8 23. Kf1 b6 24. g3 Kb7 25. Kg2 Ne7 26. Re4 Rd3 27. a4 Nc6 28. Re2 (28. Rae1 $15) 28... Na5 $17 {Black continues to play with concentration.} 29. Ra2 Nc4 30. g4 R8d5 31. Nh4 (31. Re4 $17 Nxd2 32. Rxd2 Rxd2 33. Nxd2 Rxd2 {[#]} 34. g5 $1 {[%mdl 512]}) 31... Rxd2 $19 32. Nf5 Rxa2 33. Rxa2 {[%mdl 4096] Endgame KRN-KRN} g6 34. hxg6 hxg6 35. Ne7 Rd7 36. Ng8 f5 37. gxf5 (37. Re2 $142) 37... gxf5 {[#] And now ...Rg7+ would win.} 38. Nh6 Rg7+ 39. Kf3 Rg5 40. Nf7 (40. Re2 {only move.}) 40... Rh5 (40... Rg4 $142 {aiming for ...e4+.} 41. Ke2 e4 42. Nd8+ Kc7 43. Ne6+ Kd6) 41. Kg3 (41. Re2 $142) 41... Rh7 42. Ng5 Rd7 43. Kh4 Rd3 44. Kh5 Rxc3 45. Kh6 $2 (45. Kg6) 45... Kc6 46. Kg6 f4 47. Ne4 $2 (47. Kf5) 47... Ra3 48. Rc2 Rxa4 49. Kf5 b5 {[%cal Bb6b5,Bb5b4,Bb4b3][%mdl 32]} 50. Rc1 Ra3 51. Rd1 b4 52. Rd8 Nb6 53. Kxe5 b3 54. Rd6+ Kb5 55. Rd1 Kb4 56. Kd4 Ra5 {[%csl Gb6][%cal Ra5d5]} 57. Nc3 {Accuracy: White = 47%, Black = 83%.} 0-1

[Event "Lindores Abbey Rapid Challenge-KO"]
[Site "Online"]
[Date "2020.05.29"]
[Round "2.1"]
[White "Nakamura, Hikaru"]
[Black "Carlsen, Magnus"]
[Result "1-0"]
[WhiteElo "2829"]
[BlackElo "2881"]
[Annotator "TA"]
[PlyCount "65"]
[EventDate "2020.05.19"]
[EventType "tourn"]
[SourceTitle "playchess.com"]
[Source "ChessBase"]
[SourceQuality "1"]

{[%evp 9,65,17,22,18,29,35,22,31,40,40,41,43,33,0,-37,-10,-27,-100,-108,-102,-89,-116,-98,-112,-110,-100,-70,-68,-73,-74,-109,-102,-102,-93,-104,-66,-54,-174,-160,-160,-203,-173,0,-147,149,158,135,145,29985,29986,29988,29989,29989,29990,29990,29991,29994,29995]} 1. e4 e5 2. Nf3 Nc6 3. Bb5 Nf6 4. d3 Bc5 5. Bxc6 (5. c3 O-O 6. O-O d6 7. h3 a6 8. Ba4 b5 9. Bc2 h6 10. Re1 Re8 11. b4 Bb6 12. a4 Bd7 13. Nbd2 Ne7 14. Nf1 a5 15. bxa5 Rxa5 16. Be3 Bxe3 17. Nxe3 {½-½ (62) Nakamura,H (2736)-Carlsen,M (2872) Moscow 2019}) 5... dxc6 6. O-O {C65: Ruy Lopez: Berlin Defence (3...Nf6), unusual lines and 4 0-0 Bc5.} Bg4 7. h3 Bh5 8. g4 {The position is equal.} Nxg4 9. hxg4 Bxg4 10. Be3 {[#]} Be7 $5 $146 {[%mdl 8] White should prevent ...f5. An interesting novelty.} ({Predecessor:} 10... Bd6 11. Kh1 f5 12. Rg1 h5 13. exf5 Qf6 14. Nbd2 Qxf5 15. Rg3 h4 16. Rxg4 Qxg4 {½-½ (44) Leko,P (2691)-Navara,D (2741) Linares 2018}) 11. Kh1 (11. Kg2 $14) 11... f5 $15 12. Rg1 $1 h5 13. Nc3 (13. Kg2 $1 $11) 13... f4 $17 14. Bd2 g5 15. Nb1 Bc5 16. Bc3 Bxf2 17. Nbd2 Qe7 ({Much worse is} 17... Bxg1 $6 18. Qxg1 Rh6 19. Nxe5 $11) 18. Qf1 Bxg1 19. Qxg1 Bxf3+ 20. Nxf3 g4 21. Nxe5 {Hoping for Ng6.} Rg8 $1 22. Rf1 Qg5 $1 23. Qd4 ({Better is} 23. Qh2 $1 $15 g3 24. Qg2) 23... Qh4+ $19 24. Kg1 Qg3+ 25. Kh1 {Intending Qd7+ and mate.} Qh3+ {[%mdl 64] Double Attack} 26. Kg1 {Qd7+ would kill now.} g3 $2 {[%mdl 8192]} (26... Rd8 $1 $17 {[%cal Rd8d4]} 27. Qc4 Qg3+ 28. Kh1 Qh3+ 29. Kg1 Rd5 $1 {[%mdl 512]}) 27. Nf3 $40 {[%mdl 128] White wants a kill.} g2 {[%csl Gh3][%cal Rg2f1]} 28. Re1 Qxf3 $2 {[%mdl 8192] This costs Black the game.} (28... b6 $16) 29. Qe5+ {[%mdl 64] Double Attack. White mates.} Kd8 30. Qf6+ Ke8 {[#]} 31. Bb4 $1 {[%csl Gb4][%cal Rf6e7]} c5 32. Bxc5 {[%csl Gc5][%cal Rf6e7]} Kd7 33. Qf7+ {Accuracy: White = 75%, Black = 69%.} 1-0

[Event "Lindores Abbey Rapid Challenge-KO"]
[Site "Online"]
[Date "2020.05.28"]
[Round "2.1"]
[White "Dubov, Daniil"]
[Black "Ding, Liren"]
[Result "1-0"]
[WhiteElo "2770"]
[BlackElo "2836"]
[Annotator "TA"]
[PlyCount "39"]
[EventDate "2020.05.19"]
[EventType "tourn"]
[SourceTitle "playchess.com"]
[Source "ChessBase"]
[SourceQuality "1"]

{[%evp 9,39,0,0,0,0,0,16,0,40,35,26,35,29,27,31,30,64,25,114,116,142,125,240,117,304,194,203,206,257,257,252,254]} 1. e4 e5 2. Nc3 Nc6 3. Bc4 Nf6 4. d3 Na5 5. Bb3 Bb4 6. Nf3 {C28: Vienna Game: 2...Nf6 3 Bc4 Nc6.} Nxb3 7. axb3 O-O 8. O-O {The position is equal.} d5 {[#]} 9. Bg5 $146 {Strongly threatening Nxd5.} ({Predecessor:} 9. Qe2 Bxc3 10. bxc3 Re8 11. c4 dxe4 12. dxe4 Bg4 13. Bg5 Qd6 14. Qe3 Qc6 15. Bxf6 Qxf6 {½-½ (35) Karibov,E (1998)-Zhurikhin,A (2010) Voronezh 2008}) 9... Bxc3 10. bxc3 dxe4 11. Nxe5 h6 12. Bh4 Bf5 13. Ra5 g5 (13... exd3 $11 14. Nxd3 Bxd3 15. cxd3 Qd6) 14. Bg3 $16 Bh7 15. f4 Nd5 {[#]} (15... c6 $16) 16. Qh5 (16. Ng4 $1 $18 {is the precise move to win. Threatens to win with Rxd5!} f6 17. fxg5 (17. Nxh6+ Kg7 $14) 17... hxg5 18. dxe4 Nxc3 19. Qxd8 Raxd8 20. Nxf6+ (20. Bxc7 Rd7 $14) 20... Rxf6 21. Rxf6 Rd1+ 22. Rf1 Ne2+ 23. Kf2 Rxf1+ 24. Kxf1 Nxg3+ 25. hxg3) 16... c6 $2 (16... Ne3 $16 {might work better.}) 17. Raa1 f6 {[#]} 18. Ng4 $1 {[%cal Rg4h6]} Qe8 19. Qxh6 ({Weaker is} 19. Nxh6+ Kg7 $16) 19... Qg6 20. fxg5 {Black did not feel at home in the position after the opening. Accuracy: White = 60%, Black = 35%.} 1-0

[Event "Lindores Abbey Rapid Challenge-KO"]
[Site "Online"]
[Date "2020.05.28"]
[Round "2.1"]
[White "Dubov, Daniil"]
[Black "Ding, Liren"]
[Result "1/2-1/2"]
[WhiteElo "2770"]
[BlackElo "2836"]
[Annotator "TA"]
[PlyCount "103"]
[EventDate "2020.05.19"]
[EventType "tourn"]
[SourceTitle "playchess.com"]
[Source "ChessBase"]
[SourceQuality "1"]

{[%evp 9,102,-9,-1,-12,-1,-6,0,-14,-13,-14,0,0,0,0,0,6,10,0,0,0,3,0,0,0,21,15,18,8,25,25,25,27,27,28,33,38,38,30,27,30,52,41,62,49,68,59,63,62,64,63,68,12,9,6,16,0,0,0,0,0,0,0,0,0,0,0,0,0,0,0,0,0,0,0,0,0,0,0,0,0,0,0,0,0,0,0,0,0,0,0,0,0,0,0,0]} 1. e4 e5 2. Nc3 Nf6 3. Bc4 Bc5 4. d3 c6 5. Nf3 d6 6. a3 {[#] C27: Vienna Game: 2...Nf6 3 Bc4 Nxe4.} Nbd7 $146 {[%cal Bb8d7,Bd7c5,Bc5e6][%mdl 32]} ({Predecessor:} 6... a5 7. Ba2 O-O 8. h3 Be6 9. g4 Bxa2 10. Nxa2 Na6 11. Nc3 Nc7 12. Be3 Nd7 13. Ne2 Ne6 {0-1 (30) Daghli,A (2414)-Mousavi,S (2501) Teheran 2019}) 7. Ba2 Bb6 8. Be3 O-O 9. h3 Nc5 10. O-O h6 11. Re1 Re8 12. Qd2 Be6 13. Rad1 Bxa2 14. Nxa2 Ne6 15. Nc3 Bxe3 16. Qxe3 Qb6 17. Qxb6 axb6 18. d4 Nxd4 19. Nxd4 exd4 20. Rxd4 d5 21. Kf1 {[%cal Re4d5]} c5 22. Rd3 d4 23. Nd5 Nxd5 ({Avoid the trap} 23... Nxe4 $2 24. Nc7 $18) 24. exd5 $11 {[%mdl 4096] Endgame KRR-KRR} Kf8 25. Rb3 $1 Ra6 26. Rxe8+ Kxe8 $14 {KR-KR} 27. Ke2 Kd7 28. Rg3 g6 29. Rf3 f5 30. g4 ({White should try} 30. h4 $1 $14) 30... fxg4 $1 $11 {The position is equal.} 31. hxg4 Kd6 32. Rf6+ Kxd5 33. Rxg6 b5 34. Rxa6 bxa6 {KP-KP} 35. f4 a5 36. b3 c4 37. bxc4+ bxc4 38. a4 {[#] Threatens to win with Kf3.} Ke4 39. g5 hxg5 40. fxg5 {And now g6 would win. K3P-K3P} Kf5 41. Kf3 Kxg5 {( -> ...Kf5). K3P-KPP} 42. Ke4 {[#]} d3 $1 {[%cal Rd3c2][%mdl 512]} 43. cxd3 cxd3 (43... c3 $5 44. Ke3 $8 Kf5 $11) 44. Kxd3 {KP-KP} Kf6 45. Kc4 Ke7 46. Kb5 Kd7 47. Kxa5 Kc7 48. Ka6 Kb8 49. Kb6 Ka8 50. a5 Kb8 51. a6 $1 Ka8 52. a7 {Accuracy: White = 97%, Black = 100%.} 1/2-1/2

[Event "Lindores Abbey Rapid Challenge-KO"]
[Site "Online"]
[Date "2020.05.26"]
[Round "2.1"]
[White "So, Wesley"]
[Black "Carlsen, Magnus"]
[Result "0-1"]
[WhiteElo "2741"]
[BlackElo "2881"]
[Annotator "TA"]
[PlyCount "122"]
[EventDate "2020.05.19"]
[EventType "tourn"]
[SourceTitle "playchess.com"]
[Source "ChessBase"]
[SourceQuality "1"]

{[%evp 12,122,20,9,25,6,14,15,9,16,23,0,16,-4,18,18,19,23,30,0,0,-9,-9,-15,-20,-31,0,-4,0,0,0,0,0,0,41,0,6,10,13,14,10,-43,-31,-34,-66,-98,-84,-99,-40,-47,-35,-99,-109,-107,-110,-105,-104,-105,-112,-104,-102,-121,-121,-153,-139,-148,-148,-162,-160,-158,-162,-106,-99,-106,-89,-87,-85,-80,-82,-102,-101,-98,-95,-91,-26,-64,-72,-64,-22,-77,-83,-111,-104,-98,-92,-103,-56,-73,-26,-48,-50,-75,-61,-61,-61,-1032,-376,-817,-793,-2031,-1406,-989,-809]} 1. e4 e5 2. Nf3 Nc6 3. Bb5 Nf6 4. d3 Bc5 5. c3 O-O 6. O-O d6 7. h3 a6 {C65: Ruy Lopez: Berlin Defence (3...Nf6), unusual lines and 4 0-0 Bc5.} 8. Ba4 b5 9. Bc2 Bb6 {The position is equal.} 10. Re1 Ne7 {[#]} 11. d4 $146 ({Predecessor:} 11. Nbd2 Ng6 12. Nf1 Re8 13. Ng3 d5 14. Bg5 c6 15. d4 h6 16. Be3 exd4 17. Bxd4 {0-1 (36) Simon,P (1739)-Mikalsen,E (2319) Liberec 2016}) 11... Ng6 12. Nbd2 {[%cal Bb1d2,Bd2f1,Bf1g3,Bg3f5][%mdl 32]} Re8 13. Nf1 Bb7 14. Ng3 h6 15. Bd2 c5 {[%cal Re5d4]} 16. dxe5 dxe5 17. Qc1 c4 18. Nf5 Re6 19. Be3 Bxe3 20. Qxe3 Qc7 21. Rad1 Rae8 22. Rd2 Nf4 23. Kh2 Rd8 24. Rxd8+ Qxd8 25. Nxe5 Nxg2 $1 {[%mdl 64] Double Attack} 26. Qg3 ({Better is} 26. Kxg2 $11 Rxe5 27. f3) 26... Nh5 $15 27. Qxg2 Rxe5 28. Nxh6+ Kf8 {Strongly threatening ...Qd6.} 29. Ng4 ({Not} 29. Nxf7 $2 Kxf7 30. Bd1 Nf4 $19) 29... Re6 (29... Rg5 $1 $17 {...Qd6+ is the strong threat.} 30. Qf3 Qc7+ 31. Kh1 Nf4) 30. Qf3 Qd2 {[%mdl 1024] Black has compensation.} 31. Re2 (31. Qe3 $15 Qxc2 {[%mdl 64] Double Attack} 32. Qc5+ Kg8 33. Qxh5) 31... Qd6+ $1 $17 32. Kg1 Nf4 {Hoping for ...f5.} 33. Re1 {[#]} f5 $1 $36 {[%cal Rf5g4][%mdl 2560] White is under strong pressure.} 34. Ne3 (34. exf5 Rxe1+) 34... fxe4 35. Qg3 Nd3 36. Qxd6+ Rxd6 37. Rd1 {[#]} Rg6+ $1 38. Kf1 Bc8 39. h4 Bh3+ 40. Ke2 Rf6 {[%csl Gd3][%cal Rf6f2]} 41. Bxd3 exd3+ $19 {[%mdl 4096] Endgame KRB-KRN} 42. Ke1 Rf4 43. b3 Be6 44. bxc4 Bxc4 ({Much worse is} 44... Rxh4 $6 45. cxb5 axb5 46. Rxd3 $11) 45. a4 Rxh4 46. axb5 axb5 47. Kd2 Kf7 (47... Rf4 $17 48. Nxc4 bxc4) 48. Ra1 Rf4 49. Ra7+ Kf6 (49... Kg6 $5 {[%cal Rf4f2]} 50. Ke1 {[#]} d2+ $1 {[%mdl 576] Deflection, Decoy} 51. Kxd2 Rxf2+ 52. Kd1 Rf7 53. Ra6+ Rf6 $17) 50. Ra6+ (50. Ke1 $11) 50... Kg5 $17 51. Ke1 {[#]} d2+ $1 {[%mdl 576] Decoy} 52. Kxd2 Rxf2+ 53. Kd1 Rf4 54. Rc6 Kh5 (54... Re4 $5 {[%cal Re4e3]} 55. Kd2 Kf4 56. Nxc4 Rxc4 $17) 55. Rc8 g5 56. Rh8+ Kg6 57. Ke1 g4 58. Rh4 $2 {[%mdl 8192] Loses the game.} (58. Rc8 $15) 58... Kg5 $19 59. Rh7 $2 (59. Rh8 Rf3 60. Nxc4 bxc4 61. Rc8 Re3+ 62. Kf2 Rxc3 63. Rf8) 59... Rf3 {Black is clearly winning.} 60. Kd2 Rf2+ 61. Kd1 g3 {Accuracy: White = 69%, Black = 85%.} 0-1

[Event "Lindores Abbey Rapid Challenge-KO"]
[Site "Online"]
[Date "2020.05.26"]
[Round "2.1"]
[White "Karjakin, Sergey"]
[Black "Dubov, Daniil"]
[Result "1-0"]
[WhiteElo "2709"]
[BlackElo "2770"]
[Annotator "TA"]
[PlyCount "137"]
[EventDate "2020.05.19"]
[EventType "tourn"]
[SourceTitle "playchess.com"]
[Source "ChessBase"]
[SourceQuality "1"]

{[%evp 9,137,18,27,23,40,37,46,39,42,44,44,35,46,34,37,46,40,35,35,6,0,-7,0,-20,0,0,0,0,12,0,35,27,43,24,47,30,60,64,55,43,191,201,259,260,292,289,281,281,253,260,229,135,135,135,135,135,135,135,135,106,128,106,106,95,95,8,136,8,8,8,8,8,8,8,8,8,67,67,67,69,69,8,8,8,8,8,374,283,197,212,152,8,8,8,8,8,6145,1174,5589,5119,5093,3288,5840,5181,5119,5089,29972,29974,29974,29975,29978,29976,29976,29977,29977,29977,29979,29981,29981,29982,29982,29983,29983,29984,29984,29985,29988,29989,29991,29991]} 1. e4 Nc6 2. d4 d5 3. e5 Bf5 4. c3 e6 5. Be3 f6 6. f4 {B00: Queen's Fianchetto Defence, Nimzowitsch Defence.} fxe5 7. fxe5 Nh6 8. Nf3 {White is slightly better.} Be7 9. Bxh6 gxh6 {[#]} 10. Bd3 $146 ({Predecessor:} 10. Nbd2 Qd7 11. Bb5 a6 12. Qa4 Rg8 13. Bxc6 Qxc6 14. Qxc6+ bxc6 15. Kf2 c5 16. b3 {0-1 (48) Garcia,S (2176)-Pedro,F (2193) Buenos Aires 2002}) 10... Bxd3 11. Qxd3 Kd7 12. Nbd2 Qg8 13. O-O Qg6 14. Qxg6 (14. Qe2 {seems wilder.} Raf8 15. Ne1 h5 16. Nd3 a5 17. Rae1) 14... hxg6 15. Ne1 a5 16. a4 Raf8 17. Nd3 b6 18. g3 h5 19. Kg2 Bg5 20. Nf3 Bh6 21. h3 Ne7 22. g4 Bf4 23. Nxf4 Rxf4 24. Ng5 Rxf1 (24... Rhf8 $1 $14) 25. Rxf1 $18 hxg4 26. hxg4 $14 {[%mdl 4096] Endgame KRN-KRN} c5 27. Rf6 cxd4 28. cxd4 ({Not} 28. Rxe6 dxc3 29. Rd6+ (29. bxc3 Rc8 $11) 29... Ke8 $14) 28... Rc8 29. Rxe6 ({Don't play} 29. Nxe6 $6 Rc4 $16) 29... Rc6 30. Rxc6 ({White should try} 30. Rf6 $18) 30... Nxc6 $18 {KN-KN} 31. Nf3 Nd8 32. Kf2 Ne6 33. Ke3 g5 34. Kd2 Kc6 35. Kc3 b5 36. axb5+ Kxb5 37. Kb3 (37. Nd2 $16) 37... a4+ (37... Kb6 $11 {keeps the balance.}) 38. Ka3 (38. Kc3 $16) 38... Ka5 $11 39. b3 axb3 40. Kxb3 Kb5 41. Kc3 Ka5 42. Ne1 Nf4 ({Better is} 42... Nc7 $11) 43. Ng2 $1 $14 {[%cal Rg2f4] [#] Intending Nxf4 and mate.} Ne6 $1 44. Ne3 Nc7 $1 45. e6 ({White should play} 45. Nf5 $14 Ne6 46. Ne3) 45... Kb5 $11 46. e7 Kc6 47. Kb4 Kd6 $2 {[%mdl 8192]} (47... Na6+ $11 {and Black has nothing to worry.} 48. Ka5 Nc7) 48. Nf5+ $18 Kd7 49. Kc5 Ne8 {[#]} 50. Ne3 ({Inferior is} 50. Kxd5 Nf6+ 51. Kc5 Nxg4 $11) (50. Nh6 $1 $16) 50... Nf6 $1 $11 51. e8=Q+ (51. e8=R {looks sharper.} Kxe8 52. Kc6 Kf8 53. Kd6 Kf7 54. Ke5) 51... Kxe8 52. Kd6 {aiming for Ke6.} Kf7 {White now steadily converts the win.} 53. Ke5 Kg6 54. Ke6 Kg7 55. Kf5 Ne4 56. Nxd5 Nd6+ 57. Ke6 Nc4 58. Ne7 {White mates.} Kf8 59. d5 Na5 60. Ng6+ Ke8 61. d6 Nb3 62. Ne5 Nd4+ 63. Kf6 Nb5 64. d7+ Kd8 65. Kxg5 Ke7 66. Kh6 Nd4 67. g5 Ne6 68. g6 Kf8 69. Nc6 {Accuracy: White = 79%, Black = 72%.} 1-0

[Event "Lindores Abbey Rapid Challenge-KO"]
[Site "Online"]
[Date "2020.05.29"]
[Round "2.2"]
[White "Carlsen, Magnus"]
[Black "Nakamura, Hikaru"]
[Result "1/2-1/2"]
[WhiteElo "2881"]
[BlackElo "2829"]
[Annotator "TA"]
[PlyCount "142"]
[EventDate "2020.05.19"]
[EventType "tourn"]
[SourceTitle "playchess.com"]
[Source "ChessBase"]
[SourceQuality "1"]

{[%evp 12,142,4,0,8,-23,5,11,-4,-1,5,21,10,8,29,-83,-61,-83,-64,-78,0,0,42,45,33,38,31,15,18,20,20,2,20,4,0,0,0,-56,-2,-43,-26,-75,-54,-97,-71,-83,-72,-86,-75,-86,-71,-72,-31,-39,-21,-25,0,-4,15,10,83,43,67,27,27,27,89,76,80,82,95,85,171,83,102,93,104,97,112,98,108,56,113,89,152,157,164,148,163,10,62,64,78,-20,-20,-20,-20,-21,-20,-37,-8,-8,-8,-28,-28,-25,-8,-8,-8,-8,-8,-8,-8,-8,-8,-8,-8,-8,-8,-8,0,0,0,0,0,0,0,0,0,0,0,0,0]} 1. e4 e5 2. Nf3 Nc6 3. d4 exd4 4. Nxd4 Bc5 5. Nb3 Bb6 6. Nc3 Nf6 7. Bg5 O-O {C45: Scotch Game.} 8. Qe2 (8. Qf3 Nd4 9. Nxd4 Bxd4 10. O-O-O Bxc3 11. bxc3 Re8 12. Bc4 d6 13. Bxf6 Qxf6 14. Qxf6 gxf6 15. Rhe1 f5 16. Bd5 fxe4 17. Bxe4 Re5 18. Bd5 Rxe1 19. Rxe1 {½-½ (62) Carlsen,M (2881)-Nakamura,H (2775) Dubai 2014}) 8... Nd4 (8... h6 $5 {[%cal Rh6g5]} 9. Be3 Re8 $11) 9. Qd2 Nxb3 10. axb3 Re8 11. O-O-O h6 12. h4 c6 {[#]} (12... hxg5 13. hxg5 Nxe4 14. Nxe4) 13. Bxf6 $146 (13. Kb1 $11 {remains equal.}) ({Predecessor:} 13. Bc4 d6 14. f3 d5 15. Bxf6 Qxf6 16. Bd3 d4 17. Ne2 a5 18. Qf4 Qe7 19. Bc4 {0-1 (26) Barbosa,E (2462)-Quesada Perez,Y (2647) Buenos Aires 2015}) 13... Qxf6 $17 14. f3 d5 15. Kb1 Be6 (15... d4 $17 16. Na4 Bc7) 16. exd5 $11 Bxd5 17. Nxd5 cxd5 18. Bb5 Red8 19. g4 Qxf3 20. g5 Qf2 21. Qb4 Qc5 22. Qa4 h5 $36 {[%mdl 2048] Black is more active.} 23. g6 fxg6 {[#]} 24. Bd3 ({White should play} 24. Rdg1 $1 $11 {[%mdl 512]}) 24... Rd6 (24... Qd6 $1 $15) 25. Rde1 Qc6 26. Qf4 Rf8 27. Qe5 Rdf6 28. Qg5 Bf2 29. Re5 d4 30. Be4 Qd6 31. Rd5 Qe6 {[#]} 32. Rxd4 $1 {[%mdl 512] aiming for Bd5.} Kh8 ({Of course not} 32... Bxd4 33. Bd5 $14) 33. Rc4 Bb6 34. Bd3 Qe3 35. Qg2 Bd4 (35... Kh7 $11) 36. Qxb7 Qe5 37. c3 Bb6 38. Qg2 Qd6 (38... Qe6 $11 {keeps the balance.}) 39. Bc2 $16 Qe6 40. Rd1 Bf2 41. Re4 Qf7 (41... Qc6 $16) 42. Qg5 (42. Re5 $18) 42... Rf5 43. Qd2 Bb6 44. Re2 Rf4 45. Qd6 Rf6 46. Qg3 (46. Qd3 $16) 46... Qc7 (46... Rf1 $14) 47. Qg5 Qf4 (47... Qc5 $142) 48. Qxf4 Rxf4 49. Bxg6 Rxh4 50. Rdd2 $2 (50. Re5 $18) 50... Rh1+ ({Better is} 50... Rg4 $1 $11 51. Bc2 (51. Bxh5 Rg1+ 52. Kc2 g6 $17) 51... h4) 51. Ka2 $14 Rg1 52. Bxh5 ({White should try} 52. Rd6 $16) 52... g6 $11 53. Bxg6 Rxg6 54. Rh2+ Kg7 55. Rhg2 Rd8 (55... Rf7 {is more complex.} 56. Rge2 Bc7 57. b4 Bd6 58. Kb3 Rb7) 56. Rxg6+ Kxg6 {[%mdl 4096] Endgame KRB-KR} 57. Re2 Rf8 58. b4 Rf2 59. Rxf2 {The position is equal.} Bxf2 {KB-K3P} 60. Kb3 Kf5 61. Kc4 Ke6 62. Kb5 Kd7 63. Ka6 Kc7 64. b5 Be3 65. b4 Bd2 66. Kxa7 {And now b6+ would win.} Bxc3 {KB-KPP} 67. b6+ Kc6 68. b7 Be5 69. b8=Q Bxb8+ 70. Kxb8 Kb5 71. Kb7 Kxb4 {Accuracy: White = 71%, Black = 72%.} 1/2-1/2